000 00787pam a2200229 a 4500
001 1525912
005 20171214041541.0
008 900320s1990 maua b 001 0 eng
010 _a 90033784
020 _a0674050355 (alk. paper)
040 _aDLC
_cDLC
_dDLC
041 _aeng
080 _a305.235
082 0 0 _a305.235
_220
100 _a18
101 _aSHP
245 0 0 _aAt the threshold :
_cedited by S. Shirley Feldman and Glen R. Elliott.
504 _aIncludes bibliographical references (p. 509-627) and index.
906 _a7
_bcbc
_corignew
_d1
_eocip
_f19
_gy-gencatlg
942 _2ddc
_cBK
999 _c38903
_d38903